Library and archives conservation : 1980s and beyond /

Bibliographic Details
Main Author: Cunha, George Daniel Martin
Other Authors: Cunha, Dorothy Grant, Henderson, Suzanne Elizabeth
Format: Book
Language:English
Published: Metuchen, N.J. : Scarecrow Press, 1983.
Subjects:

MARC

Tag First Indicator Second Indicator Subfields
LEADER 00000pam a2200000 a 4500
001 in00004460021
005 20210818135007.0
008 820810s1983 njua b 00110 eng
010 |a  82010806  
020 |a 0810815877 (v. 1) 
020 |z 0810816041 (v. 2) 
035 |a (OCoLC)08727608 
035 |9 AAB9440MS 
035 |z (UtOrBLW)6789 
035 |a 10730 
039 0 |a 2  |b 3  |c 3  |d 3  |e 3 
040 |a DLC  |c DLC  |d TMV  |d UtOrBLW 
049 |a TMVM  |v 1 [8005426]  |v 2 [8005427] 
059 |l MS/BOOK STKS  |t BOOK  |k CIRCULATING  |i 3238900144843  |j 8005426  |n NL  |a Z 701  |b C972L 1983  |u v;1 
059 |l MS/BOOK STKS  |t BOOK  |k CIRCULATING  |i 3238900144854  |j 8005427  |n NL  |a Z 701  |b C972L 1983  |u v;2 
060 4 |a Z 701 C972 1983 
100 1 |a Cunha, George Daniel Martin. 
245 1 0 |a Library and archives conservation :  |b 1980s and beyond /  |c George Martin Cunha and Dorothy Grant Cunha ; assisted by Suzanne Elizabeth Henderson. 
264 1 |a Metuchen, N.J. :  |b Scarecrow Press,  |c 1983. 
300 |a 2 volumes :  |b illustrations ;  |c 23 cm. 
336 |a text  |2 rdacontent  |b txt 
337 |a unmediated  |2 rdamedia 
338 |a volume  |2 rdacarrier  |b nc 
500 |a Volume 2 has title: Bibliography. 
500 |a "A supplement to ... the bibliography in Conservation of library materials"--Volume 2, introduction. 
500 |a Includes indexes. 
650 2 |a Archives. 
650 2 |a Bookbinding. 
650 2 |a Library Administration. 
700 1 |a Cunha, Dorothy Grant. 
700 1 |a Henderson, Suzanne Elizabeth. 
940 |a 8005426,1 8005427,2 
999 |a MARS 
999 f f |s ff610d46-d0ae-3dbd-b616-11ec936f150f  |i 17125183-92ae-3678-b84f-1bd36c9b783a  |t 0 
952 f f |p ric  |a Texas A&M University  |b Rellis Campus  |c Joint Library Facility  |d Remote Storage  |t 0  |e Z 701 C972L 1983  |h National Library of Medicine classification  |i unmediated -- volume  |k v.2  |m 3238900144854 
952 f f |p ric  |a Texas A&M University  |b Rellis Campus  |c Joint Library Facility  |d Remote Storage  |t 0  |e Z 701 C972L 1983  |h National Library of Medicine classification  |i unmediated -- volume  |k v.1  |m 3238900144843 
998 f f |a Z 701 C972L 1983  |s v.1-v.2  |t 0  |l Remote Storage